Géographie de Lyon - Carte Quiz - Statistiques

Statistiques générales
  • Ce quiz a été pris 379 fois
  • Le résultat moyen est 16 sur 31
Réponses sur la Carte
Les réponses sont colorées sur une échelle allant du rouge au vert en fonction du pourcentage des utilisateurs qui les ont devinées à leur premier essai. Vous pouvez retrouver ces pourcentages ci-dessous.
 
Statistiques - réponses
Réponse % Correct
Parc de la Tête d'or
78%
Basilique Notre-Dame de Fourvière
72%
Gare de Lyon-Part-Dieu
72%
Gare de Lyon-Perrache
69%
Musée des Confluences
69%
Place Bellecour
63%
Grande Mosquée de Lyon
62%
Gare de Lyon-Saint-Paul
60%
Matmut Stadium
60%
Gare de Lyon-Vaise
58%
Gros Caillou
58%
Tour Part-Dieu
58%
Pont de la Guillotière
57%
Gare de Lyon-Jean-Macé
56%
Place des Terreaux
56%
Gare de Lyon-Gorge-de-Loup
50%
Place des Jacobins
50%
Tour Incity
49%
Musée des Beaux-Arts de Lyon
48%
Parc Blandan
48%
Hôtel de ville de Lyon
47%
Parc des Hauteurs
47%
Musée Miniature et Cinéma
44%
Primatiale Saint-Jean de Lyon
44%
Pont Bonaparte
37%
Fort Montluc
33%
Parc de la Cerisaie
33%
Pont Lafayette
32%
Pont Clemenceau
25%
Esplanade Nelson-Mandela
23%
Pont de Lattre-de-Tassigny
21%
Aucun quiz correspondant
Distribution des résultats
% des personnes avec chaque résultat
Percentile par nombre de réponses
Votre historique - résultats
Vous n’avez pas pris ce quiz